Vista normal
Vista MARC
Entrada Materia (personas)
Número de registros utilizados en: 4
001 - CONTROL NUMBER
- control field: 79902
003 - CONTROL NUMBER IDENTIFIER
- control field: Co-BoUCM
005 - DATE AND TIME OF LATEST TRANSACTION
- control field: 20160912112228.0
008 - FIXED-LENGTH DATA ELEMENTS
- fixed length control field: 160912|| aca||aabn | a|a d
040 ## - CATALOGING SOURCE
- Original cataloging agency: Co-BoUCM
- Transcribing agency: Co-BoUCM
100 ## - HEADING--PERSONAL NAME
- Personal name: Blanco Barros, José Agustín
670 ## - SOURCE DATA FOUND
- Source citation: Work cat.: (Co-BoUCM): Blanco Barros, José Agustín, Dos colonizaciones del siglo XVII en la Sierra Nevada de Santa Marta, 1996